01673nab a2200433 a 450000100060000000300080000600500170001400600190003100700150005000800410006502200280010603500210013404000260015505000230018108000280020422200420023224501470027426000640042130000170048536200460050253301640054854600560071265000210076865000180078965000300080765000270083765000180086465000320088265000280091465000330094265100140097565300320098965300230102165500320104470000390107671000190111574000430113485600620117746246FlNmELB20241216231751.0m o d | cr cn|||||||||130704s2003 sp s 000 0 spa d a1135-5727z1135572-7122 a(OCoLC)955377749 aFlNmELBbspacFlNmELB 4aRC311bP314 2003eb a616-002.5:614.4(460.27) 0aRevista Española de Salud Pública00aPatrones de transmisión de la tuberculosis en un área sanitaria de Madridh[recurso electronico]cJesús Iñigo Martínez, ...[et al.]. aMadrid :bRed Revista Española de Salud Pública,c2003. a[541]-551 p.0 aVol. 77, Núm. 5 (Septiembre-Oct. 2003)- aRecurso electrónico. Santa Fe, Arg.: e-libro, 2015. Disponible vía World Wide Web. El acceso puede estar limitado para las bibliotecas afiliadas a e-libro. aArtículos en castellano; resúmenes en inglés. 4aEpidemiología. 4aTuberculosis. 4aEnfermedades infecciosas. 0aCommunicable diseases. 0aTuberculosis. 0aTuberculosisxTransmission. 0aMolecular epidemiology. 0aEpidemiologyzSpainzMadrid. 4aEspaña. aTransmisión de enfermedad aFactores de riesgo 4aArtículos electrónicos.1 aIñigo Martínez, Jesús,eaut.2 ae-libro, Corp.02aRevista Española de Salud Pública.40uhttps://elibro.net/ereader/politecnicointernacional/15393